000 00497nam a2200181Ia 4500
008 090123s9999 xx 000 0 und d
082 _b3836
100 _aअंतरकर अनंत
245 _aगाळीव रत्ने
250 _a1
260 _c1974
300 _a135
600 _aअंतरकर अनंत
630 _aगाळीव रत्ने
700 _aअंतरकर अनंत
730 _aगाळीव रत्ने
942 _cBOOK
999 _c41912
_d41912